| 000 | 00000nam##2200000za#4500 |
| 001 | 9.590632 |
| 003 | CaOODSP |
| 005 | 20211213094337 |
| 007 | cr ||||||||||| |
| 008 | 150406|2015||||xxc|||||o f|0| 0 fre|d |
| 040 | |aCaOODSP|bfre |
| 041 | |aeng |
| 041 | |afre |
| 043 | |an-cn--- |
| 086 | 1 |aXB412-657/1-PDF |
| 110 | 1 |aCanada. |bParlement. |bChambre des communes. |
| 245 | 10|aLoi modifiant la Loi de l'impôt sur le revenu (crédit d'impôt pour les petits producteurs de bière) / |h[ressource électronique]|cM. Masse. |
| 246 | 1 |iTitre abrégé : |aLoi soutenant les petits producteurs de bière |
| 260 | |aOttawa - Ontario : |bChambre des communes |cPremière lecture le 11 mars 2015. |
| 300 | |a4p. |
| 490 | 1 |aProjet de loi C-...|vC-657, 2e session, 41e législature |
| 590 | |a15-11|b2015-03-13 |
| 791 | |tAn Act to amend the Income Tax Act (small brewery tax credit) / |eeng|w(CaOODSP)9.590631 |
| 830 | #0|aProjet de loi C-...|vC-657, 2e session, 41e législature|w(CaOODSP)9.500660 |
| 856 | 40|ahttp://publications.gc.ca|qPDF|s60 Ko|uhttps://publications.gc.ca/collections/collection_2015/parl/XB412-657-1.pdf|yC-657, 2e session, 41e législature |